000 00925njm a22002417a 4500
005 20100903111137.0
007 sd ammalaaahaa
008 100901t xxu||||| |||| 00| 0 hin d
028 _aN. 87523
_bHis Master's Voice
028 _aOJE. 4357
_bHis Master's Voice
035 _aGR-404
040 _aSED/VEN
100 _aParitosh Ghosh
_917815
245 _aViolin rag adana /
_cby Paritosh Ghosh
_h[sound recording] :
_bInstrumemtal
246 _a विओलिन राग अदना ( परितोष घोष ) पार्ट १
260 _aDum Dum, India
_bHis Master's Voice
300 _a1 sound disc :
_banalog, 33 1/3 rpm
_c10 in.
500 _aBrief record
505 _aViolin rag adana (विओलिन राग अदना )
650 _aClassical music
_xExcerpts
_zIndia
_917813
942 _2ddc
_cGR
999 _c43494
_d43494